01153nam a2200193Ia 4500001001000000003001000010008004100020040002500061041001300086100004500099245004000144250001100184260008200195300001200277500026000289501011400549520026000663650003600923L208-3044IT-CnALBA170116s9999||||xx |||||||||||||| ||und|| aIT-CnALBAcIT-CnALBA aITALIANO aGIROLAMO DI STRIDONIA PRESBITERO E SANTO 0aLE LETTERE DI S. GIROLAMO. VOL. I.  a1a ed. a ROMAbCITTÀ NUOVA EDITRICE c1962 [1° Ed.:1962 - Ed.Ling.Originale: 1962] a450 p.  aTRADUZIONE E NOTE DI COLA SILVANO. LETTERE I LII. NOTIZIE SU S. GIROLAMO. LETTERE. DESTNATARI: A INNOCENZO SACERDOTE. A TEODORO ABATE. A RUFINO, FIORENTINO, GIULIANO, CROMAZIO, NICETA, CRISOCOMAS, VERGINI, ANTONIO, CASTORINA, ELIODORO, DAMASO, MARCO, EUST aSocietà San Paolo EM - Piazza San Paolo, 14 - 12051 ALBA (CN) (non commercial uses only) ® Copyright 2017 aTRADUZIONE E NOTE DI COLA SILVANO. LETTERE I LII. NOTIZIE SU S. GIROLAMO. LETTERE. DESTNATARI: A INNOCENZO SACERDOTE. A TEODORO ABATE. A RUFINO, FIORENTINO, GIULIANO, CROMAZIO, NICETA, CRISOCOMAS, VERGINI, ANTONIO, CASTORINA, ELIODORO, DAMASO, MARCO, EUST aPADRI E SCRITTORI ECCLESIASTICI